UM Logo

365 days of peace / (Record no. 19520)

MARC details
000 -LEADER
fixed length control field 00492nam a22001457a 4500
008 - FIXED-LENGTH DATA ELEMENTS--GENERAL INFORMATION
fixed length control field 240304b ||||| |||| 00| 0 eng d
020 ## - INTERNATIONAL STANDARD BOOK NUMBER
International Standard Book Number 9788854414709
082 ## - DEWEY DECIMAL CLASSIFICATION NUMBER
Classification number DC 810.80358
Item number D361 2019
100 ## - MAIN ENTRY--PERSONAL NAME
Personal name De Fabianis, Valeria Manferto.
9 (RLIN) 53968
245 ## - TITLE STATEMENT
Title 365 days of peace /
Statement of responsibility, etc. Valeria Manferto De Fabianis.
260 ## - PUBLICATION, DISTRIBUTION, ETC. (IMPRINT)
Place of publication, distribution, etc. Italy :
Name of publisher, distributor, etc. White Star Publisher,
Date of publication, distribution, etc. ©2019.
300 ## - PHYSICAL DESCRIPTION
Extent [391 pages] :
Other physical details color illustrations ;
Dimensions 21 cm.
650 ## - SUBJECT ADDED ENTRY--TOPICAL TERM
Topical term or geographic name as entry element Peace
General subdivision Literary collections.
9 (RLIN) 54323
942 ## - ADDED ENTRY ELEMENTS (KOHA)
Source of classification or shelving scheme Dewey Decimal Classification
Koha item type Circulation
Holdings
Withdrawn status Lost status Source of classification or shelving scheme Damaged status Not for loan Collection code Home library Current library Date acquired Source of acquisition Cost, normal purchase price Total Checkouts Full call number Barcode Date last seen Price effective from Koha item type
    Dewey Decimal Classification     Circulation UM Digos College - LIC UM Digos College - LIC 12/21/2023 Purchased 560.00   DC 810.80358 D361 2019 28022 05/15/2025 03/04/2024 Circulation